| 000 | 00781cam a2200217 4500 | ||
|---|---|---|---|
| 008 | 000000n2000 000 0 eng u | ||
| 035 | _a(Sirsi) u107299 | ||
| 245 | _aLegal framework for e-conveyancing | ||
| 260 | _c2000 | ||
| 490 |
_aEstates Gazette _v(0029) 22 July 2000, 39(1) |
||
| 520 | _aGovernment officials are preparing a statutory instrument for the Electronic Communications Act 2000, to aid online conveyancing. | ||
| 590 | _aWB | ||
| 650 | _aONLINE CONVEYANCING | ||
| 650 | _aECONVEYANCING | ||
| 650 | _aSTATUTORY INSTRUMENT | ||
| 650 | _aELECTRONIC COMMUNICATIONS ACT 2000 | ||
| 650 | _aLAW OF PROPERTY (MISCELLANEOUS PROVISIONS) ACT 1989 S2 | ||
| 650 | _aNATIONAL LAND INFORMATION SERVICE | ||
| 690 | _aPROPERTY AND LAND LAW-CONVEYANCING | ||
| 942 | _n0 | ||
| 999 |
_c64150 _d64150 |
||